Statistics for Geography by Letter - I

Click here to take the quiz!

General Stats

  • This quiz has been taken 54,878 times
    (26,491 since last reset)
  • The average score is 15 of 20

Answer Stats

HintAnswer% Correct
Boot-shaped countryItaly
99%
Majority Jewish countryIsrael
96%
Jakarta is its capitalIndonesia
94%
City once called ConstantinopleIstanbul
94%
Also known as ÉireIreland
92%
Second largest religion in the worldIslam
91%
Country that invaded Kuwait in 1990Iraq
91%
U.S. state known for potatoesIdaho
89%
Country and subcontinentIndia
88%
Spanish party islandIbiza
85%
Peninsula of Spain and PortugalIberia
83%
"The Land of Lincoln"Illinois
71%
"Capital" of the Scottish highlandsInverness
59%
Austrian Winter Olympics host cityInnsbruck
58%
Major river in Pakistan and IndiaIndus
58%
Small volcanic island owned by Japan;
site of a famous 1945 battle
Iwo Jima
51%
Narrow strip of land that connects
two larger land masses
Isthmus
50%
Famous Rio de Janeiro beachIpanema
47%
Turkish city once known as Smyrnaİzmir
33%
Russian oblast in Siberia made famous
by the board game "Risk"
Irkutsk
28%

Score Distribution

Percentile by Number Answered

Percent of People with Each Score

Your Score History

You have not taken this quiz since the last reset